000 00705nam a22002177a 4500
003 UA-OsUOA
001 66428
007 ta
008 20091228b un ||||| |||| 00| 0 ukr d
090 _a347.61
_bА43
942 _cBK
040 _aUA-OsUOA
_bukr
_cUA-OsUOA
_dUA-OsUOA
245 _aАктуальні питання з галузі сімейного законодавства та реєстрації актів цивільного стану
_cПід ред. Каспшика П.
300 _a148 с.
955 _a2
041 _aukr
080 _a347.61
260 _aЛюблін
_c2007
650 7 _a347 Цивільне право. Судовий устрій
_2UDC
999 _c352450
_d352450